[Event "Zhongshan zt 3.5"]
[Site "Zhongshan"]
[Date "2014.10.30"]
[Round "5"]
[White "Yang, Yanqing"]
[Black "Luanchen, Yuantai"]
[Result "1-0"]
[WhiteElo "1992"]
[BlackElo "1510"]
[PlyCount "38"]
[EventDate "2014.10.26"]
[EventType "swiss"]
[EventRounds "11"]
[EventCountry "CHN"]
[SourceTitle "EXT 2015"]
[Source "ChessBase"]
[SourceDate "2014.11.20"]
[SourceVersion "1"]
[SourceVersionDate "2014.11.20"]
[SourceQuality "1"]

1. e4 c5 2. Nf3 d6 3. d4 cxd4 4. Nxd4 Nf6 5. Nc3 g6 6. f3 Bg7 7. Be3 0-0 8. Qd2 Nc6 9. Bc4 Bd7 10. 0-0-0 Rc8 11. Bb3 Na5 12. h4 h5 13. g4 hxg4 14. h5 Nxh5 15. Bh6 Nxb3+ 16. axb3 Kh7 17. Bxg7 Kxg7 18. Rxh5 Rh8 19. Rhh1 Qa5 1-0

[Event "Zhongshan zt 3.5"]
[Site "Zhongshan"]
[Date "2014.10.27"]
[Round "2"]
[White "Teng, Jiarong"]
[Black "Luanchen, Yuantai"]
[Result "1-0"]
[WhiteElo "2092"]
[BlackElo "1510"]
[PlyCount "57"]
[EventDate "2014.10.26"]
[EventType "swiss"]
[EventRounds "11"]
[EventCountry "CHN"]
[SourceTitle "EXT 2015"]
[Source "ChessBase"]
[SourceDate "2014.11.20"]
[SourceVersion "1"]
[SourceVersionDate "2014.11.20"]
[SourceQuality "1"]

1. e4 c5 2. Nf3 d6 3. d4 cxd4 4. Nxd4 Nf6 5. Nc3 g6 6. Be2 Bg7 7. Be3 0-0 8. g4 d5 9. e5 Ne4 10. f4 Nxc3 11. bxc3 Nc6 12. 0-0 f6 13. exf6 exf6 14. Bf3 Nxd4 15. Qxd4 Bxg4 16. Qxd5+ Qxd5 17. Bxd5+ Kh8 18. Bxb7 Rae8 19. Rae1 Rb8 20. Bd5 f5 21. Bd4 Rfd8 22. Bxg7+ Kxg7 23. Re7+ Kh6 24. c4 Rb2 25. Rxa7 Rxc2 26. Rf2 Rc1+ 27. Kg2 Re8 28. h3 Be2 29. Bf7 1-0

[Event "Wch U14"]
[Site "Durban"]
[Date "2014.09.28"]
[Round "10"]
[White "Mouthuy, Jacky Long"]
[Black "Luanchen, Yuantai"]
[Result "1-0"]
[WhiteElo "1374"]
[BlackElo "1510"]
[PlyCount "55"]
[EventDate "2014.09.20"]
[EventType "swiss"]
[EventRounds "11"]
[EventCountry "RSA"]
[SourceTitle "EXT 2022"]
[Source "ChessBase"]
[SourceDate "2021.10.06"]
[SourceVersion "1"]
[SourceVersionDate "2021.10.06"]
[SourceQuality "1"]

1. e4 c5 2. Nf3 e6 3. c3 d5 4. exd5 exd5 5. d4 Nc6 6. Be3 c4 7. b3 b5 8. a4 bxa4 9. bxc4 dxc4 10. Bxc4 Nf6 11. Qxa4 Bd7 12. Qb3 Qe7 13. 0-0 Rb8 14. Qa2 Bg4 15. Nbd2 Qc7 16. Ne5 Nxe5 17. dxe5 Ng8 18. Qxa7 Qxa7 19. Rxa7 Ne7 20. Rb1 Rxb1+ 21. Nxb1 g6 22. Bb5+ Kd8 23. Bb6+ Kc8 24. Ba6+ Kb8 25. Na3 Nc6 26. Rb7+ Ka8 27. Nb5 Nb8 28. Nc7# 1-0

[Event "Wch U14"]
[Site "Durban"]
[Date "2014.09.27"]
[Round "9"]
[White "Kay, James"]
[Black "Luanchen, Yuantai"]
[Result "1-0"]
[WhiteElo "1660"]
[BlackElo "1510"]
[PlyCount "55"]
[EventDate "2014.09.20"]
[EventType "swiss"]
[EventRounds "11"]
[EventCountry "RSA"]
[SourceTitle "CBM 162 Extra"]
[Source "ChessBase"]
[SourceDate "2014.10.17"]
[SourceVersion "1"]
[SourceVersionDate "2014.10.17"]
[SourceQuality "1"]

1. e4 c5 2. Nf3 e6 3. d4 cxd4 4. Nxd4 a6 5. Nc3 Qc7 6. f4 Bb4 7. Qd3 Nf6 8. e5 Nd5 9. Bd2 Bxc3 10. bxc3 Nc6 11. a4 Qb6 12. Be2 0-0 13. 0-0 d6 14. Rab1 Qa7 15. Kh1 dxe5 16. Nxc6 bxc6 17. fxe5 Qc7 18. Qg3 Ne7 19. Be3 Nf5 20. Qf4 Nxe3 21. Qxe3 c5 22. Bf3 Ra7 23. Rfd1 Bb7 24. Rd6 Rb8 25. Rdb6 h6 26. Be4 Rd8 27. Bxb7 Rxb7 28. Rxb7 1-0